000 00565nam a2200217Ia 4500
003 OSt
005 20220928144752.0
006 a|||||r|||| 00| 0
007 ta
008 220927b |||||||| |||| 00| 0 eng d
024 _a76014
037 _cTextual
040 _aSDCL
_cSDCL
_beng
041 _2eng
_aeng
082 _aQ11:g(R621), K6
100 _aChakravarthy G N
_9509653
245 0 _aConcept of cosmic harmony in the Rig Veda.
260 _c1966
942 _hQ11:g(R621), K6
_cTEXL
_2CC
999 _c829630
_d829630